000 00740nam a2200181 ca4500
001 000030522
003 RuMoIPM
005 20260507122830.0
008 260507b ur ||||| |||| 00| 0 rus d
040 _aRuMoIPM
_brus
_ercr
041 _arus
044 _aru
245 1 0 _aСборник задач по курсу высшей математики
_c[Т. А. Елистратова, Х. Р. Сулейманова, А. С. Шумов ; Под ред. Х. Р. Сулеймановой ] ; Всесоюз. заоч. энергет. ин-т
250 _a2-е изд.
260 _aМосква
_bВысшая школа
_c1964-
710 2 _aВсесоюзный заочный энергетический институт
942 _cBK
999 _c30522
_d30522